02580nkc a2200373za 450000100060000000300040000600500170001000700070002700800410003404000240007510000410009924500520014026000240019230001000021650002250031650001920054150000650073350001340079850001690093250400520110150500500115351001510120351002100135456101300156461000490169465100260174365500400176970000600180985200120186985601500188194200250203195201330205699900170218984469OSt20260319103357.0kh boc250410s19101911sp ||||| ||||||0| i|spa d aM-RABAbspacM-RABA1 aElorza, Lorenzod(1861-1931)911106810aHueto Abajob: Interior de la iglesia c/ L. E. c[ca. 1910 – 1911] a1 fotografíab: gelatina de platac; imagen 12 x 16,5 cmc; soporte secundario 21,5 x 26,5 cm aVista del interior de la iglesia parroquial de San Vicente en Hueto Abajo, donde se aprecian dos bóvedas de nervios cruzadas en diagonal y un arco toral apuntado y apeado en medias columnas; al fondo, el retablo mayor. aFotografía montada sobre soporte secundario de cartulina azul enmarcada con orla en relieve. Título y numeración manuscrita que hace referencia a la posición en la serie “87”. aSello con monograma del fotógrafo en tinta roja “L.E.” aFechas tomadas de la ejecución del positivo de las fotografías, incluido el soporte secundario. (Soto Madrazo, Javier. 2008). aForma parte de un conjunto de 167 fotografías empleadas por Federico Baráibar Zumárraga para la elaboración del Inventario del Románico en Álava (1911). aBaraibar, F.: "Rincones artísticos", M. 1914. aHueto-abajo.- Interior de la Iglesia. / L. E. aDescripción tomada de: Soto Madrazo, Javier (2008). Federico Baraibar y el Inventario del Románico en Álava: una caja con 167 fotografías. aEsta colección fue utilizada posteriormente por Cristóbal de Castro para la elaboración y publicación del "Catálogo Monumental de España: provincia de Álava", Madrid, S. de Rivadeneira, 1915. aDonadas junto con la memoria manuscrita a la Academia por el mismo Baraibar (Sesión 12 de febrero de 1912, Archivo: 4-32-1)24aIglesia de San Vicente (Hueto Abajo)9111623 7aÁlava2embne975661 0aFotografías de monumentos91115801 aBaráibar y Zumárraga, Federico d(1851-1918)912926 jFot-196 3Fot-196uhttps://archivoybiblioteca.realacademiabellasartessanfernando.com/cgi-bin/koha/opac-retrieve-file.pl?id=02e587b39a26a83652dac649cc66962f 2ddccFOTOGRAFÍAn0 00102ddc40708FOTOGRAFIAaRABASFbRABASFcDP2d2025-04-10l0oFot-196p1095345r2025-04-10 13:13:35w2025-04-10yFOTOGRAFÍA c84469d84469